| 000 | 00414pab a2200145 454500 | ||
|---|---|---|---|
| 008 | 180718b1989 xxu||||| |||| 00| 0 eng d | ||
| 100 | _aConsidine, Mark | ||
| 245 |
_aThe corporate management frame - work as administrative science _bA critique |
||
| 260 | _c1989 | ||
| 300 | _a4-18 | ||
| 362 | _aMar. | ||
| 650 | _aCorporations - Australia | ||
| 773 | _aAustralian Journal of Public Administration | ||
| 909 | _a6708 | ||
| 999 |
_c6708 _d6708 |
||